[Event "Mecklenburg VP Verbandsliga 2122"]
[Site "Mecklenburg VP"]
[Date "2021.11.07"]
[Round "2.1"]
[White "Schmidt, Peter2222"]
[Black "Kliewe, Hans Juergen"]
[Result "1/2-1/2"]
[WhiteElo "2109"]
[BlackElo "2099"]
[PlyCount "115"]
[EventDate "2021.10.24"]
[EventType "team-tourn"]
[EventRounds "9"]
[EventCountry "GER"]
[SourceTitle "EXT 2024"]
[Source "ChessBase"]
[SourceDate "2023.10.10"]
[SourceVersion "1"]
[SourceVersionDate "2023.10.10"]
[SourceQuality "1"]
[WhiteTeam "Rostock SSC 07"]
[BlackTeam "Wismar ASV Gruen-Weiss"]
[WhiteTeamCountry "GER"]
[BlackTeamCountry "GER"]

1. Nf3 d5 2. b3 Nf6 3. Bb2 c5 4. e3 Nc6 5. Bb5 Bd7 6. 0-0 e6 7. Bxc6 Bxc6 8. Ne5 Rc8 9. f4 Be7 10. d3 0-0 11. Rf3 c4 12. Rh3 cxd3 13. cxd3 Bc5 14. Ng4 Be7 15. Nd2 Nxg4 16. Qxg4 Bf6 17. Qh5 h6 18. Be5 Bxe5 19. fxe5 Qg5 20. a4 Qxh5 21. Rxh5 Bd7 22. Rh4 Rc2 23. Nf3 Rfc8 24. Rb4 b6 25. a5 b5 26. Nd4 Rc1+ 27. Rxc1 Rxc1+ 28. Kf2 a6 29. e4 Ra1 30. exd5 exd5 31. Ne2 Rxa5 32. Rd4 Be6 33. Nf4 Ra2+ 34. Kf3 Rb2 35. b4 Kf8 36. h3 Ke7 37. g4 f6 38. Ng6+ Kf7 39. Nh8+ Kg8 40. Ng6 Bf7 41. Ne7+ Kf8 42. exf6 gxf6 43. Nf5 h5 44. Kg3 hxg4 45. hxg4 Be6 46. Ne3 Kf7 47. Ng2 Ke7 48. Nh4 Rb1 49. Nf3 Rb3 50. Kf4 Kd6 51. g5 fxg5+ 52. Nxg5 Rb1 53. Ne4+ Kc6 54. Ng5 Bc8 55. Nf3 Rf1 56. Ke3 Rh1 57. Rf4 Rh6 58. Kd4 1/2-1/2

[Event "Mecklenburg VP Verbandsliga 2021"]
[Site "Mecklenburg VP"]
[Date "2020.09.27"]
[Round "1.2"]
[White "Hubert, Peter"]
[Black "Kliewe, Hans Juergen"]
[Result "1-0"]
[WhiteElo "2114"]
[BlackElo "2110"]
[PlyCount "85"]
[EventDate "2020.09.27"]
[EventType "team-tourn"]
[EventRounds "9"]
[EventCountry "GER"]
[SourceTitle "EXT 2024"]
[Source "ChessBase"]
[SourceDate "2023.10.10"]
[SourceVersion "1"]
[SourceVersionDate "2023.10.10"]
[SourceQuality "1"]
[WhiteTeam "Stralsund HSG"]
[BlackTeam "Wismar ASV Gruen-Weiss"]
[WhiteTeamCountry "GER"]
[BlackTeamCountry "GER"]

1. Nf3 d5 2. d4 Nf6 3. Bf4 Bf5 4. e3 e6 5. Bd3 Ne4 6. 0-0 Be7 7. c4 c6 8. Nc3 Nd7 9. cxd5 Nxc3 10. bxc3 cxd5 11. Bxf5 exf5 12. Qd3 g6 13. Qb5 0-0 14. Qxd5 b6 15. a4 Nf6 16. Qxd8 Rfxd8 17. Bg5 Kg7 18. c4 Bb4 19. Rab1 a5 20. Ne5 Rac8 21. Rfc1 Rd6 22. Bxf6+ Kxf6 23. Nd3 Rdc6 24. Nxb4 axb4 25. Rxb4 g5 26. Kf1 h5 27. Ke2 g4 28. Kd3 Kg5 29. g3 h4 30. Rb5 hxg3 31. hxg3 Ra8 32. e4 Rxa4 33. Rxf5+ Kg6 34. Rc3 f6 35. Rb5 Ra2 36. Ke3 Ra1 37. d5 Rd6 38. Rcb3 Re1+ 39. Kf4 Rf1 40. Rb2 Kh5 41. c5 bxc5 42. Rxc5 Ra6 43. d6+ 1-0

[Event "Mecklenburg VP VL1819"]
[Site "Mecklenburg VP"]
[Date "2018.11.11"]
[Round "2.2"]
[White "Kliewe, Hans Juergen"]
[Black "Ruesch, Hans Joachim"]
[Result "1/2-1/2"]
[WhiteElo "2043"]
[BlackElo "1959"]
[PlyCount "58"]
[EventDate "2018.10.21"]
[EventType "team-tourn"]
[EventRounds "9"]
[EventCountry "GER"]
[SourceTitle "EXT 2022"]
[Source "ChessBase"]
[SourceDate "2021.10.06"]
[SourceVersion "1"]
[SourceVersionDate "2021.10.06"]
[SourceQuality "1"]
[WhiteTeam "Wismar ASV Gruen-Weiss"]
[BlackTeam "Warnemuende SF Ostsee"]
[WhiteTeamCountry "GER"]
[BlackTeamCountry "GER"]

1. d4 g6 2. Nf3 Bg7 3. Bf4 Nf6 4. e3 d6 5. Be2 0-0 6. h3 Nbd7 7. 0-0 Nh5 8. Bh2 e5 9. c4 Qe7 10. Nc3 c6 11. Re1 Nhf6 12. Rc1 a6 13. b4 e4 14. Nd2 d5 15. cxd5 cxd5 16. Qb3 Nb6 17. a4 Be6 18. a5 Nc4 19. Nxc4 dxc4 20. Bxc4 Bxc4 21. Qxc4 Rfc8 22. Qb3 Bf8 23. Na2 Qd7 24. Nc3 Qc6 25. Be5 Nd7 26. Qb1 Qe6 27. Bg3 Rc4 28. d5 Qf5 29. d6 Ne5 1/2-1/2

[Event "GER-chT Laender Seniors 65+"]
[Site "Templin"]
[Date "2018.09.13"]
[Round "4.2"]
[White "Engelbert, Christoph"]
[Black "Kliewe, Hans Juergen"]
[Result "1-0"]
[WhiteElo "2158"]
[BlackElo "2131"]
[PlyCount "57"]
[EventDate "2018.09.10"]
[EventType "team-swiss"]
[EventRounds "7"]
[EventCountry "GER"]
[SourceTitle "EXT 2020"]
[Source "ChessBase"]
[SourceDate "2019.10.17"]
[SourceVersion "1"]
[SourceVersionDate "2019.10.17"]
[SourceQuality "1"]
[WhiteTeam "Hamburg"]
[BlackTeam "Mecklenburg Vorpommern"]
[WhiteTeamCountry "GER"]
[BlackTeamCountry "GER"]

1. e4 e6 2. d4 d5 3. exd5 exd5 4. Nf3 Nf6 5. Bd3 Be7 6. h3 0-0 7. 0-0 b6 8. Re1 c5 9. c3 Bb7 10. Ne5 Nbd7 11. Bf4 Re8 12. Nd2 Nf8 13. Bb5 N8d7 14. Qa4 Nxe5 15. dxe5 Nh5 16. Bxe8 d4 17. e6 Nxf4 18. exf7+ Kf8 19. Bc6 dxc3 20. bxc3 Bxc6 21. Qxc6 Rc8 22. Qe4 Ng6 23. Nf3 Qd6 24. Rad1 Qc6 25. Qxc6 Rxc6 26. Rd7 Kxf7 27. Rdxe7+ Nxe7 28. Ne5+ Ke6 29. Nxc6+ 1-0

[Event "GER-chT Laender Seniors 65+"]
[Site "Templin"]
[Date "2018.09.12"]
[Round "2.2"]
[White "Kliewe, Hans Juergen"]
[Black "Dittmann, Hans Adolf"]
[Result "1/2-1/2"]
[WhiteElo "2131"]
[BlackElo "2042"]
[PlyCount "54"]
[EventDate "2018.09.10"]
[EventType "team-swiss"]
[EventRounds "7"]
[EventCountry "GER"]
[SourceTitle "EXT 2020"]
[Source "ChessBase"]
[SourceDate "2019.10.17"]
[SourceVersion "1"]
[SourceVersionDate "2019.10.17"]
[SourceQuality "1"]
[WhiteTeam "Mecklenburg Vorpommern"]
[BlackTeam "Schleswig Holstein II"]
[WhiteTeamCountry "GER"]
[BlackTeamCountry "GER"]

1. d4 Nf6 2. Bf4 e6 3. e3 b6 4. Nf3 Bb7 5. Nbd2 Bd6 6. Bg5 Be7 7. Bd3 Nd5 8. Bxe7 Qxe7 9. c3 0-0 10. 0-0 f5 11. c4 Nf6 12. Qc2 Nc6 13. a3 d6 14. Rfe1 Kh8 15. e4 fxe4 16. Nxe4 Nxe4 17. Bxe4 Rxf3 18. gxf3 Nxd4 19. Qd3 c5 20. Re3 Rf8 21. Bxb7 Qxb7 22. Qe4 Qf7 23. Kg2 h6 24. Rg1 Qf6 25. b3 Rf7 26. Qa8+ Kh7 27. Qe4+ Kh8 1/2-1/2

[Event "Mecklenburg VP VL 1718"]
[Site "Mecklenburg VP"]
[Date "2017.12.10"]
[Round "4.1"]
[White "Kliewe, Hans Juergen"]
[Black "Rossmann, Andreas"]
[Result "1-0"]
[WhiteElo "2004"]
[BlackElo "1942"]
[PlyCount "69"]
[EventDate "2017.10.08"]
[EventType "team-tourn"]
[EventRounds "9"]
[EventCountry "GER"]
[SourceTitle "EXT 2022"]
[Source "ChessBase"]
[SourceDate "2021.10.06"]
[SourceVersion "1"]
[SourceVersionDate "2021.10.06"]
[SourceQuality "1"]
[WhiteTeam "Wismar ASV Gruen-Weiss"]
[BlackTeam "Neubrandenburg SG Eintracht"]
[WhiteTeamCountry "GE2"]
[BlackTeamCountry "GER"]

1. d4 Nf6 2. Nf3 e6 3. Bf4 c5 4. e3 cxd4 5. exd4 d5 6. Nbd2 Nc6 7. c3 Be7 8. Bd3 h6 9. 0-0 0-0 10. Ne5 Nxe5 11. dxe5 Nd7 12. Nf3 f5 13. Nd4 Nc5 14. Bc2 Bd7 15. Re1 Rc8 16. Qh5 Qe8 17. Qh3 Qg6 18. Bd1 Bg5 19. Bg3 a6 20. f4 Be7 21. Re3 Qh7 22. Be1 g5 23. g3 Ne4 24. Bc2 Qg7 25. Kh1 Bc5 26. Rd1 b5 27. Re2 Qg6 28. Bf2 Rf7 29. Be3 Rg7 30. Rg1 Kf7 31. g4 Bxd4 32. Bxd4 gxf4 33. gxf5 Qxf5 34. Qxf5+ exf5 35. e6+ 1-0

[Event "Schleswig Holstein-ch Seniors op 11th"]
[Site "Buesum"]
[Date "2017.09.14"]
[Round "7"]
[White "Andersen, Knut"]
[Black "Kliewe, Hans Juergen"]
[Result "1/2-1/2"]
[WhiteElo "2108"]
[BlackElo "2037"]
[PlyCount "120"]
[EventDate "2017.09.08"]
[EventType "swiss"]
[EventRounds "9"]
[EventCountry "GER"]
[SourceTitle "EXT 2019"]
[Source "ChessBase"]
[SourceDate "2018.10.10"]
[SourceVersion "1"]
[SourceVersionDate "2018.10.10"]
[SourceQuality "1"]

1. d4 d5 2. Bf4 Bf5 3. e3 e6 4. Nf3 Nf6 5. c4 Bxb1 6. Qa4+ Qd7 7. Qxd7+ Nbxd7 8. Rxb1 Bb4+ 9. Kd1 Ne4 10. Bg3 Ndf6 11. Bd3 0-0 12. Ke2 c6 13. c5 Ba5 14. Rhc1 Nxg3+ 15. hxg3 a6 16. b4 Bc7 17. a4 Nd7 18. b5 axb5 19. axb5 e5 20. Bf5 Ra2+ 21. Kf1 Nb8 22. b6 Bd8 23. Nxe5 Be7 24. Ra1 Rxa1 25. Rxa1 g6 26. Bh3 f6 27. Be6+ Kg7 28. Nd3 f5 29. Ra7 Kf6 30. Bxd5 cxd5 31. Rxb7 Rd8 32. Ne5 Bxc5 33. Rf7+ Ke6 34. Rxh7 Bxb6 35. Rg7 Ba5 36. Rxg6+ Ke7 37. Ke2 Bb4 38. g4 fxg4 39. Rxg4 Bd6 40. Rg7+ Kf8 41. Rh7 Kg8 42. Rb7 Bxe5 43. dxe5 Nd7 44. f4 Nc5 45. Ra7 Ne4 46. Kd3 Nc5+ 47. Kc3 Ne6 48. g3 d4+ 49. exd4 Nxd4 50. Kc4 Nf5 51. Ra3 Kf7 52. Kc5 Rd1 53. g4 Nh6 54. Ra7+ Kg6 55. Ra6+ Kg7 56. f5 Rc1+ 57. Kd5 Rd1+ 58. Ke4 Re1+ 59. Kf4 Rf1+ 60. Kg3 Nxf5+ 1/2-1/2

[Event "Schleswig Holstein-ch Seniors op 11th"]
[Site "Buesum"]
[Date "2017.09.11"]
[Round "4"]
[White "Kliewe, Hans Juergen"]
[Black "Paus, Franz"]
[Result "1/2-1/2"]
[WhiteElo "2037"]
[BlackElo "2145"]
[PlyCount "82"]
[EventDate "2017.09.08"]
[EventType "swiss"]
[EventRounds "9"]
[EventCountry "GER"]
[SourceTitle "EXT 2019"]
[Source "ChessBase"]
[SourceDate "2018.10.10"]
[SourceVersion "1"]
[SourceVersionDate "2018.10.10"]
[SourceQuality "1"]

1. d4 Nf6 2. Nf3 c5 3. c3 cxd4 4. cxd4 d5 5. Nc3 e6 6. Bf4 Bd6 7. Bg5 Be7 8. e3 Nc6 9. Bd3 h6 10. Bh4 0-0 11. Rc1 Bd7 12. 0-0 Ne4 13. Bxe7 Nxc3 14. Rxc3 Nxe7 15. Qb3 Rb8 16. Rfc1 Nc6 17. Qa3 a6 18. Qd6 Re8 19. b4 Qe7 20. Qxe7 Rxe7 21. g3 Kf8 22. Nd2 Na7 23. Rc5 Bb5 24. Bb1 Ree8 25. f3 Rec8 26. e4 Bc6 27. exd5 exd5 28. Bd3 Ke7 29. Nf1 Kd6 30. Ne3 g6 31. Ng4 Bd7 32. Ne5 Be6 33. Kf2 Rxc5 34. bxc5+ Kc7 35. Rb1 g5 36. f4 f6 37. Ng6 Nc6 38. f5 Bd7 39. Rb6 Re8 40. g4 Kc8 41. h4 Kc7 1/2-1/2

[Event "Rostock SSC op 16th"]
[Site "Rostock"]
[Date "2017.07.28"]
[Round "5"]
[White "Szelag, Marcin"]
[Black "Kliewe, Hans Juergen"]
[Result "1-0"]
[WhiteElo "2456"]
[BlackElo "2020"]
[PlyCount "83"]
[EventDate "2017.07.26"]
[EventType "swiss"]
[EventRounds "7"]
[EventCountry "GER"]
[SourceTitle "EXT 2018"]
[Source "ChessBase"]
[SourceDate "2017.10.13"]
[SourceVersion "1"]
[SourceVersionDate "2017.10.13"]
[SourceQuality "1"]

1. e4 e6 2. d4 d5 3. Nc3 Bb4 4. e5 c5 5. a3 cxd4 6. axb4 dxc3 7. bxc3 Qc7 8. Nf3 Ne7 9. Bd3 Nd7 10. 0-0 Nxe5 11. Bf4 Nxf3+ 12. Qxf3 e5 13. Bb5+ Kf8 14. Bg3 Be6 15. Rfe1 Ng6 16. Qe3 a6 17. h4 Rc8 18. Bd3 Nf4 19. Qxe5 Qxe5 20. Rxe5 Nxd3 21. cxd3 Rxc3 22. b5 Ke7 23. bxa6 bxa6 24. Rxa6 Rxd3 25. Ra7+ Kf6 26. Rg5 Rd1+ 27. Kh2 Re1 28. Bd6 Re8 29. f4 Bc8 30. Be5+ Ke6 31. Bxg7 f6 32. Rh5 d4 33. Rh6 d3 34. Rxf6+ Kd5 35. Ra5+ Ke4 36. Rd6 Bg4 37. f5 Ke3 38. f6 Be6 39. Re5+ Kd2 40. Bh6+ Kd1 41. Rxd3+ Kc2 42. Rd2+ 1-0

[Event "Rostock SSC op 16th"]
[Site "Rostock"]
[Date "2017.07.26"]
[Round "2"]
[White "Kliewe, Hans Juergen"]
[Black "Popp, Michael"]
[Result "0-1"]
[WhiteElo "2020"]
[BlackElo "1759"]
[PlyCount "50"]
[EventDate "2017.07.26"]
[EventType "swiss"]
[EventRounds "7"]
[EventCountry "GER"]
[SourceTitle "EXT 2018"]
[Source "ChessBase"]
[SourceDate "2017.10.13"]
[SourceVersion "1"]
[SourceVersionDate "2017.10.13"]
[SourceQuality "1"]

1. d4 Nf6 2. Nf3 e6 3. Bf4 b6 4. e3 Bb7 5. Nbd2 d5 6. Ne5 Bd6 7. Bb5+ c6 8. Bd3 Qe7 9. 0-0 0-0 10. Qf3 Nbd7 11. Qh3 Rfd8 12. g4 Nf8 13. Bg3 c5 14. c3 Ne4 15. Rac1 f6 16. Nef3 e5 17. dxe5 Bxe5 18. Nxe4 dxe4 19. Bc4+ Kh8 20. Nxe5 fxe5 21. Qh5 Ng6 22. Qf5 Nh4 23. Bxh4 Qxh4 24. Be2 Qe7 25. h3 g6 0-1

[Event "Rostock SSC 07 op 15th"]
[Site "Rostock"]
[Date "2016.07.27"]
[Round "1"]
[White "Kliewe, Hans Juergen"]
[Black "Fromm, Marius"]
[Result "1-0"]
[WhiteElo "2006"]
[BlackElo "1663"]
[PlyCount "81"]
[EventDate "2016.07.27"]
[EventType "swiss"]
[EventRounds "7"]
[EventCountry "GER"]
[SourceTitle "EXT 2017"]
[Source "ChessBase"]
[SourceDate "2016.10.25"]
[SourceVersion "1"]
[SourceVersionDate "2016.10.25"]
[SourceQuality "1"]

1. d4 Nf6 2. Nf3 e6 3. c4 d5 4. Nc3 Be7 5. Bf4 Bd7 6. e3 0-0 7. h3 a6 8. Ne5 dxc4 9. Bxc4 b5 10. Bd3 Bc8 11. 0-0 Bb7 12. Qc2 Nbd7 13. a3 Nb6 14. b4 Rc8 15. Bh2 Nbd5 16. Ne4 Nxe4 17. Bxe4 f5 18. Bf3 Bd6 19. Nd3 Bxh2+ 20. Kxh2 Qd6+ 21. Kg1 Rf6 22. Ne5 Ba8 23. Rfc1 Nb6 24. Bxa8 Nxa8 25. Qc6 Rff8 26. Rc2 Nb6 27. Rac1 Nc4 28. Qxd6 cxd6 29. Nxc4 bxc4 30. Rxc4 Ra8 31. Rc6 Rfd8 32. Rb6 e5 33. d5 a5 34. b5 Kf7 35. a4 Ke7 36. Rc7+ Kf6 37. f3 h5 38. h4 g6 39. Rbb7 e4 40. f4 Rf8 41. b6 1-0